The Ultimate James Bond Quiz - Statistics

General Stats
  • This quiz has been taken 241 times
    236 since last reset
  • The average score is 82 of 150
Answer Stats
Hint Answer % Correct
2021 Daniel Craig
94%
2021 No Time to Die
94%
2015 Daniel Craig
88%
2012 Daniel Craig
87%
2012 Skyfall
87%
2015 Spectre
87%
2008 Daniel Craig
86%
2008 Quantum of Solace
86%
2006 Casino Royale
84%
2006 Daniel Craig
84%
2012 Adele
83%
1999 Pierce Brosnan
80%
2002 Pierce Brosnan
79%
1997 Pierce Brosnan
79%
1962 Sean Connery
79%
2002 Die Another Day
78%
1962 Dr. No
78%
1995 GoldenEye
77%
1995 Pierce Brosnan
77%
1985 Roger Moore
76%
1983 Roger Moore
76%
1999 The World is Not Enough
76%
1997 Tomorrow Never Dies
76%
2002 Jinx - {Halle Berry}
75%
1979 Roger Moore
75%
1963 Sean Connery
75%
1987 Timothy Dalton
75%
1985 A View to a Kill
74%
1964 Goldfinger
74%
1979 Moonraker
74%
1983 Octopussy
74%
1981 Roger Moore
74%
1974 Roger Moore
74%
1965 Sean Connery
74%
1964 Sean Connery
74%
1989 Timothy Dalton
74%
2021 Billie Eilish
73%
1971 Diamonds are Forever
73%
1963 From Russia With Love
73%
1969 George Lazenby
73%
1973 Live and Let Die
73%
1969 On Her Majesty's Secret Service
73%
1977 Roger Moore
73%
1973 Roger Moore
73%
1971 Sean Connery
73%
1967 Sean Connery
73%
1974 The Man With The Golden Gun
73%
1965 Thunderball
73%
1987 The Living Daylights
72%
1977 The Spy Who Loved Me
71%
1967 You Only Live Twice
71%
1981 For Your Eyes Only
70%
2015 Sam Smith
70%
2021 Lyutsifer Safin - {Rami Malek}
69%
2015 Ernst Stavro Blofeld - {Christoph Waltz}
68%
2002 Madonna
67%
1995 Tina Turner
67%
1995 Alec Trevelyan - {Sean Bean}
66%
2006 Vesper Lynd - {Eva Green}
65%
1989 License to Kill
64%
1985 Max Zorin - {Christopher Walken}
64%
1985 Duran Duran
63%
1987 A-ha
62%
1974 Francisco Scaramanga - {Christopher Lee}
61%
1999 Garbage
61%
2006 Le Chiffre - {Mads Mikkelsen}
61%
2012 Raoul Silva - {Javier Bardem}
61%
1997 Sheryl Crow
61%
1964 Shirley Bassey
60%
2006 Chris Cornell
59%
1999 Dr. Christmas Jones - {Denise Richards}
59%
1971 Shirley Bassey
59%
1965 Tom Jones
59%
1979 Shirley Bassey
55%
1974 Lulu
54%
1962 Honey Ryder - {Ursula Andress}
53%
2008 Jack White & Alicia Keys
53%
1967 Nancy Sinatra
53%
2012 Sam Mendes
53%
2015 Dr. Madeleine Swann - {Lea Seydoux}
52%
1969 Louis Armstrong
52%
1997 Wai Lin - {Michelle Yeoh}
52%
1969 Ernst Stavro Blofeld - {Telly Savalas}
51%
2015 Sam Mendes
51%
1973 Solitaire - {Jane Seymour}
51%
1969 Teresa di Vicenzo - {Diana Rigg}
51%
2012 Eve Moneypenny - {Naomi Harris}
50%
1989 Gladys Knight
50%
1973 Paul McCartney & Wings
50%
2021 Paloma - {Ana de Armas}
49%
1964 Pussy Galore - {Honor Blackman}
49%
1981 Sheena Easton
49%
1983 *Title* - {Maud Adams}
48%
1997 Elliot Carver - {Jonathan Pryce}
47%
1977 Carly Simon
45%
1983 Rita Coolidge
44%
1977 Anya Amasova - {Barbara Bach}
43%
1999 Renard - {Robert Carlyle}
43%
1967 Ernst Stavro Blofeld - {Donald Pleasence}
41%
1974 Mary Goodnight - {Britt Ekland}
41%
1973 Mr Big - {Yaphet Kotto}
41%
1964 *Title* - {Gert Fröbe}
41%
2002 Gustav Graves - {Toby Stephens}
40%
1989 Franz Sanchez - {Robert Davi}
39%
1963 Matt Monro
39%
1971 Tiffany Case - {Jill St. John}
39%
1971 Ernst Stavro Blofeld - {Charles Gray}
38%
1962 *Title* - {Joseph Wiseman}
38%
2006 Martin Campbell
37%
1995 Martin Campbell
37%
2008 Strawberry Fields - {Gemma Arterton}
37%
1963 Rosa Klebb - {Lotte Lenya}
36%
1987 Kara Milovy - {Maryam d'Abo}
35%
1979 Hugo Drax - {Michael Lonsdale}
33%
1983 John Glen
33%
1962 Terence Young
33%
1964 Guy Hamilton
32%
1979 Holly Goodhead - {Lois Chiles}
32%
1985 John Glen
32%
1981 John Glen
32%
1983 Kamal Khan - {Louis Jourdan}
32%
1963 Terence Young
32%
1974 Guy Hamilton
31%
1973 Guy Hamilton
31%
1971 Guy Hamilton
31%
1989 John Glen
31%
1987 John Glen
31%
1965 Emilio Largo - {Adolfo Celi}
30%
1977 Karl Stromberg - {Curd Jürgens}
30%
1962 John Barry & Monty Norman Orchestra
29%
1985 Stacey Sutton - {Tanya Roberts}
29%
1981 Aristotle Kristatos - {Julian Glover}
28%
2008 Dominic Greene - {Mathieu Amalric}
28%
1965 Terence Young
28%
2021 Cary Joji Fukunaga
27%
1987 General Koskov - {Jeroen Krabbé}
27%
1981 Melina Havelock - {Carole Bouquet}
27%
1979 Lewis Gilbert
26%
1977 Lewis Gilbert
26%
2008 Marc Forster
26%
1967 Lewis Gilbert
25%
1995 Natalya Simonova - {Izabella Scorupco}
24%
1969 Peter R. Hunt
24%
1963 Tatiana Romanova - {Daniela Bianchi}
24%
1965 Domino Derval - {Claudine Auger}
22%
2002 Lee Tamahori
22%
1997 Roger Spottiswoode
22%
1967 Kissy Suzuki - {Mie Hama}
21%
1999 Michael Apted
21%
1989 Pam Bouvier - {Carey Lowell}
21%
No matching quizzes found
Score Distribution
Percent of People with Each Score
Percentile by Number Answered
Your Score History
You have not taken this quiz since the last reset